000 00891nam a2200229Ii 4500
003 JO-AjNU
008 230605s9999||||xx |||||||||||||| ||und||
017 _a1995/7597
020 _a977-5673-05-4
040 _aJO-AjNU
_bara
_erda
_cJO-AjNU
041 _aara
050 1 4 _aHD69.P75.C43.1995
100 3 _aشرلي، ماري/جون نيليس؛ ترجمة سعاد نائف برنوطي؛ مراجعة منير هندي,
_eauthor
_945210
245 0 0 _aاصلاح المشروعات العامة(دروس من التجربة)
264 3 1 _aالقاهرة:المنظمة العربية للتنمية الادارية،1995
300 _a141ص
336 _atext
_btxt
_2rdacontent
337 _aunmediated
_bn
_2rdamedia
338 _avolume
_bnc
_2rdacarrier
490 0 _aسلسلة دراسات التنمية ترجمات مختارة؛338
650 4 _aالمشروعات
_945211
999 _aA19580
_c23148
_d23148